000 00309nam a2200121 i 4500
001 bg
245 0 _aWybrane zagadnienia z fizyki dla studentów.
_nCz.1 /
_cpod red.A. Szymańskiego.
260 _aWarszawa,
_c1983.
040 _cBPK
041 _apol
942 _cKS
008 s pl f |000 0 pol
999 _c1944
_d1944
856 _uhttp://koha.tu.koszalin.pl/cgi-bin/koha/opac-detail.pl?biblionumber=1944
_yKatalog online BPK